000
00298nam a22001217a 4500
003
OSt
008
221107b |||||||| |||| 00| 0 eng d
041
_a
eng
082
_a
330.9
_b
VIS/MO
100
_a
Visvanathan
_9
5301
245
_a
Modern economic history of England, America and Russia
942
_c
BK
999
_c
17577
_d
17577